WWE World Champions Quiz - Statistics

General Stats
  • This quiz has been taken 244 times
  • The average score is 44 of 55
Answer Stats
Wrestler % Correct
Brock Lesnar
97%
Cody Rhodes
96%
Roman Reigns
96%
John Cena
95%
Randy Orton
94%
The Rock
94%
Triple H
94%
Seth Rollins
92%
Edge
91%
"Stone Cold" Steve Austin
91%
CM Punk
90%
Hulk Hogan
89%
The Undertaker
89%
Dean Ambrose
88%
Drew McIntyre
88%
Kane
88%
Kofi Kingston
88%
Shawn Michaels
88%
A.J. Styles
87%
Bobby Lashley
87%
The Miz
87%
Big Show
86%
Daniel Bryan
86%
Bret "The Hitman" Hart
85%
Rey Mysterio
85%
Big E
84%
Bray Wyatt
84%
Sheamus
84%
Kurt Angle
83%
Alberto Del Rio
82%
Batista
81%
Jinder Mahal
81%
"Nature Boy" Ric Flair
81%
The Ultimate Warrior
80%
Chris Jericho
79%
Mankind
79%
Bruno Sammartino
78%
Eddie Guerrero
78%
Jeff Hardy
77%
John "Bradshaw" Layfield
77%
Vince McMahon
77%
"Macho Man" Randy Savage
76%
Andre The Giant
74%
Yokozuna
74%
Rob Van Dam
71%
Diesel
69%
Bob Backlund
66%
Sycho Sid
64%
Sgt. Slaughter
60%
"Nature Boy" Buddy Rogers
57%
Pedro Morales
57%
The Iron Sheik
57%
"Superstar" Billy Graham
48%
Ivan Koloff
47%
Stan Stasiak
44%
No matching quizzes found
Score Distribution
Percent of People with Each Score
Percentile by Number Answered
Your Score History
You have not taken this quiz